000 00351 a2200157 4500
001 189810
020 _a978-85-329-0760-8
040 _cMagnum
100 _aJose, Elias
240 1 0 _aQuem lê com pressa tropeça
_lpor
245 1 0 _aQuem lê com pressa tropeça
300 _a32
362 0 _a2012
697 _aLITERATURA INFANTIL
942 _cBK
999 _c189810
_d189810